| 000 | 01045nam a2200289 c 4500 | ||
|---|---|---|---|
| 999 |
_c163439 _d163439 |
||
| 003 | BLK | ||
| 005 | 20220321154724.0 | ||
| 008 | 180410b bul|||||r ||||||| ||bul|| | ||
| 010 | _aKNG00170849000 | ||
| 040 | _aBLK | ||
| 041 |
_aBUL _cBUL |
||
| 080 |
_aБългарска литература _b821.163.2 _x-31 _z821.163.2-31 |
||
| 100 | 1 |
_aВапцарова, Райна Йонкова _eпърви автор _9282881 |
|
| 139 |
_aВапцарова, Райна Йонкова _bВ 21 |
||
| 245 | 1 | 0 |
_aМама _bРоман [за Елена Вапцарова] _cРайна Йонкова Вапцарова. |
| 257 | _aBGR | ||
| 260 |
_bНар. младеж _c1981 _aСофия |
||
| 300 |
_a263 с., 8 л. ил. _c21 см |
||
| 380 | _aX | ||
| 500 | _a30 113 тир. | ||
| 600 | 1 | 4 |
_aВапцарова, Елена _9368415 |
| 852 | _aЦб 111413 | ||
| 856 | 4 | _qpdf | |
| 856 | 4 | _qpdf | |
| 942 |
_cKNG _n0 _s1 |
||
| 944 |
_aCR _c06.02.2015 _l06.02.2015 - от С1,Р / 06.02.2015 _kНора_Радева |
||
| 944 |
_aED _c06.02.2015 _l06.02.2015 - от С1,Р / 06.02.2015 |
||
| 999 | _d163439 | ||